LEADER 01311nam0-2200337---450- 001 990008755660403321 005 20081114095934.0 035 $a000875566 035 $aFED01000875566 035 $a(Aleph)000875566FED01 035 $a000875566 100 $a20081113d1989----km-y0itay50------ba 101 0 $aita 102 $aIT 105 $aa-------001yy 200 1 $a<>ballo in maschera$emelodramma in tre atti$fdi Antonio Somma da Eugene Scribe$gmusica di Giuseppe Verdi 210 $aParma$cGrafiche Step$d1989 215 $a143, [11] p.$cill.$d24 cm 300 $aContiene: scritti di G. Marchesi, M. Pieri, D. Courir, M.Conati, G. Gualerzi, R. Celletti, E. Stinchelli, M. Capra, E. Guglielmi, A, Campori, P. Samaritani, A. Dallatomasina, cronologia delle rappresentazioni, organico del coro e dell'orchestra, la trama dell'opera, il libretto dell'opera 610 0 $aVerdi, Giuseppe. Un ballo in maschera$aProgrammi di sala 676 $a782.10 700 1$aVerdi,$bGiuseppe$f<1813-1901>$0155873 701 1$aSomma,$bAntonio$f<1809-1865>$0215250 702 1$aScribe,$bEugène 801 0$aIT$bUNINA$gRICA$2UNIMARC 901 $aBK 912 $a990008755660403321 952 $a782.10 VER 7$b6879 Bibl.$fFLFBC 959 $aFLFBC 996 $aBallo in maschera$9720018 997 $aUNINA LEADER 01033nam--2200361---450- 001 990002819280203316 005 20060926153714.0 010 $a88-7801-281-5 035 $a000281928 035 $aUSA01000281928 035 $a(ALEPH)000281928USA01 035 $a000281928 100 $a20060926h1999----km-y0itay50------ba 101 0 $aita 102 $aIT 105 $aa|||z|||001yy 200 1 $aBrodo nero$eSparta pacifica, il suo esercito, le sue guerre$fdi Sergio Valzania$gpresentazione di Luciano Canfora 210 $aRoma$cJouvence$dcopyr. 1999 215 $a215 p.$d21 cm 225 2 $aStoria$v46 410 0$12001$aStoria$v46 607 $aSparta$xStoria militare 676 $a938.9 700 1$aVALZANIA,$bSergio$0281668 702 1$aCANFORA,$bLuciano 801 0$aIT$bsalbc$gISBD 912 $a990002819280203316 951 $aIX.3. 473$b188712 L.M.$cIX.3.$d00178341 959 $aBK 969 $aUMA 979 $aANNAMARIA$b90$c20060926$lUSA01$h1537 996 $aBrodo nero$9994200 997 $aUNISA